Molossia Country Quiz - Statistics

General Stats
  • This quiz has been taken 112 times
    111 since last reset
  • The average score is 4 of 15
Answer Stats
Question Answer % Correct
U.S. State it is in Nevada
86%
Country they are at "war" with East Germany
81%
The Presidents pays taxes to his local county, but calls it... Foreign Aid
52%
President Kevin Baugh
48%
Country whose flag is an upside down Molossian Flag Sierra Leone
33%
Year independence was declared 1977
26%
Capital Baughston
24%
The currency is pegged to this treat Pillsbury Cookie Dough
21%
City Molossia is in Dayton
19%
Original name of Molossia Vuldstein
9%
In 2016 a tour of Molossia was sponsored by... Atlas Obscura
6%
National Animal Mustang
6%
National Tree Common Juniper
4%
National Bird Desert Quail
4%
National Flower Common Sagebrush
3%
No matching quizzes found
Score Distribution
Percent of People with Each Score
Percentile by Number Answered
Your Score History
You have not taken this quiz since the last reset